Effect of selerotherapy on portal haemodynamics / (رقم التسجيلة. 180489)

تفاصيل مارك
000 -LEADER
fixed length control field 01524namaa22003491i 4500
005 - أخر تعامل مع التسجيلة
control field 20260610143538.0
008 - FIXED-LENGTH DATA ELEMENTS--GENERAL INFORMATION
fixed length control field 260610s1994 ua a|||frm||| 00| 0 eng d
040 ## - CATALOGING SOURCE
Original cataloguing agency EG-GICUC
Language of cataloging eng
Transcribing agency EG-GICUC
Modifying agency EG-GICUC
Description conventions rda
041 0# - LANGUAGE CODE
Language code of text/sound track or separate title eng
Language code of summary or abstract eng
-- ara
049 ## - Acquisition Source
Acquisition Source Deposit
097 ## - Degree
Degree M.Sc
099 ## - LOCAL FREE-TEXT CALL NUMBER (OCLC)
Local Call Number Cai01.11.18.M.Sc.1994.Ma.E
100 0# - MAIN ENTRY--PERSONAL NAME
Authority record control number or standard number Mahmoud Mahmoud Farag El Okda
Preparation preparation.
245 10 - TITLE STATEMENT
Title Effect of selerotherapy on portal haemodynamics /
Statement of responsibility, etc. By Mahmoud Mahmoud Farag El Okda ; Supervised By Prof. Dr. Mohamed Reda Awadin, Prof. Dr. Aly Mamdouh El Ashmawy, Dr. Sahar Abd El Rahman Nassif
246 15 - VARYING FORM OF TITLE
Title proper/short title تأثير حقن الدوالى على الدورة البابية
264 #0 - PRODUCTION, PUBLICATION, DISTRIBUTION, MANUFACTURE, AND COPYRIGHT NOTICE
Date of production, publication, distribution, manufacture, or copyright notice 1994.
300 ## - PHYSICAL DESCRIPTION
Extent 253 pages :
Other physical details illustrations ;
Dimensions 30 cm. +
336 ## - CONTENT TYPE
Source rda content
Content type term text
337 ## - MEDIA TYPE
Source rdamedia
Media type term Unmediated
338 ## - CARRIER TYPE
Source rdacarrier
Carrier type term volume
502 ## - DISSERTATION NOTE
Dissertation note Thesis (M.Sc.)-Cairo University, 1994.
504 ## - BIBLIOGRAPHY, ETC. NOTE
Bibliography, etc. note Bibliography: pages 211-253
653 #0 - INDEX TERM--UNCONTROLLED
Uncontrolled term internal medicine
653 #0 - INDEX TERM--UNCONTROLLED
Uncontrolled term selerotherapy
653 #0 - INDEX TERM--UNCONTROLLED
Uncontrolled term haemodynamics
700 0# - ADDED ENTRY--PERSONAL NAME
Personal name Prof. Dr. Mohamed Reda Awadin.
Relator term thesis advisor.
700 0# - ADDED ENTRY--PERSONAL NAME
Personal name Prof. Dr. Aly Mamdouh El Ashmawy
Relator term thesis advisor.
700 0# - ADDED ENTRY--PERSONAL NAME
Personal name Dr. Sahar Abd El Rahman Nassif
Relator term thesis advisor.
900 ## - Thesis Information
Department Department of internal medicine
Faculties Faculty of medicine
Universities Cairo University
Grant date 1994.
Supervisory body Prof. Dr. Mohamed Reda Awadin
-- Prof. Dr. Aly Mamdouh El Ashmawy
-- Dr. Sahar Abd El Rahman Nassif
Discussion body Prof. Dr. Mohamed Reda Awadin
905 ## - Cataloger and Reviser Names
Cataloger Name Nermeen_Ahmed
942 ## - ADDED ENTRY ELEMENTS (KOHA)
Source of classification or shelving scheme Dewey Decimal Classification
Koha item type Thesis
Edition 21
Suppress in OPAC No
المقتنيات
Source of classification or shelving scheme Home library Current library Date acquired Inventory number Full call number Barcode Date last seen Effective from Koha item type
Dewey Decimal Classification المكتبة المركزبة الجديدة - جامعة القاهرة مكتبة المئوية 10.06.2026 26130 Cai01.11.18.M.Sc.1994.Ma.E 01010110026130000 10.06.2026 10.06.2026 Thesis
Cairo University Libraries Portal Implemented & Customized by: Eng. M. Mohamady Contacts: new-lib@cl.cu.edu.eg | cnul@cl.cu.edu.eg
CUCL logo CNUL logo
© All rights reserved — Cairo University Libraries
CUCL logo
Implemented & Customized by: Eng. M. Mohamady Contact: new-lib@cl.cu.edu.eg © All rights reserved — New Central Library
CNUL logo
Implemented & Customized by: Eng. M. Mohamady Contact: cnul@cl.cu.edu.eg © All rights reserved — Cairo National University Library